[Event "Warsaw YMCA Winter-C 211st"]
[Site "Warsaw"]
[Date "2019.03.20"]
[Round "12"]
[White "Jaroszuk, Marcin"]
[Black "Derylo, Maksymilian"]
[Result "1-0"]
[WhiteElo "1400"]
[BlackElo "1423"]
[PlyCount "49"]
[EventDate "2019.01.09"]
[EventType "tourn"]
[EventRounds "13"]
[EventCountry "POL"]
[SourceTitle "EXT 2021"]
[Source "ChessBase"]
[SourceDate "2020.10.23"]
[SourceVersion "1"]
[SourceVersionDate "2020.10.23"]
[SourceQuality "1"]

1. f4 Nc6 2. Nf3 d5 3. e3 Nf6 4. Be2 g6 5. 0-0 Bg7 6. d3 0-0 7. c3 Bg4 8. Qe1 Re8 9. Ne5 Nxe5 10. fxe5 Bxe2 11. Qxe2 Nd7 12. d4 e6 13. Nd2 Qg5 14. Nf3 Qe7 15. e4 c6 16. Ng5 Rf8 17. Bd2 dxe4 18. Nxe4 c5 19. Bg5 f6 20. exf6 Bxf6 21. Nxf6+ Nxf6 22. Qe5 Nd7 23. Bxe7 Rxf1+ 24. Rxf1 Nxe5 25. dxe5 1-0

[Event "Warsaw YMCA Winter-C 211st"]
[Site "Warsaw"]
[Date "2019.03.05"]
[Round "10"]
[White "Muck, Piotr"]
[Black "Derylo, Maksymilian"]
[Result "1-0"]
[WhiteElo "1482"]
[BlackElo "1423"]
[PlyCount "97"]
[EventDate "2019.01.09"]
[EventType "tourn"]
[EventRounds "13"]
[EventCountry "POL"]
[SourceTitle "EXT 2021"]
[Source "ChessBase"]
[SourceDate "2020.10.23"]
[SourceVersion "1"]
[SourceVersionDate "2020.10.23"]
[SourceQuality "1"]

1. d4 Nf6 2. Nf3 g6 3. c4 Bg7 4. Nc3 0-0 5. e4 d6 6. Be2 Nbd7 7. 0-0 c5 8. d5 Nb6 9. h3 e6 10. Bg5 Re8 11. Qd2 exd5 12. exd5 Bf5 13. Rae1 Qd7 14. Bd3 Bxd3 15. Qxd3 a6 16. b3 Rxe1 17. Rxe1 Re8 18. Qd2 Nc8 19. Re2 Ne7 20. Qe1 Nf5 21. Ne4 Nxe4 22. Rxe4 Rxe4 23. Qxe4 Nd4 24. Nxd4 Bxd4 25. Qe7 Qf5 26. Bh4 Qb1+ 27. Kh2 Be5+ 28. Bg3 Qe1 29. Bxe5 Qxe5+ 30. Qxe5 dxe5 31. g4 f6 32. Kg3 Kf7 33. Kf3 Ke7 34. h4 h6 35. Ke4 Kd7 36. h5 gxh5 37. gxh5 Ke7 38. Kf5 Kf7 39. a4 a5 40. f3 b6 41. d6 e4 42. fxe4 b5 43. cxb5 c4 44. bxc4 Kg8 45. b6 Kh8 46. b7 Kh7 47. b8Q Kg7 48. Qc7+ Kh8 49. Kg6 1-0

[Event "Warsaw YMCA Winter-C 211st"]
[Site "Warsaw"]
[Date "2019.02.20"]
[Round "8"]
[White "Kwiek, Janusz"]
[Black "Derylo, Maksymilian"]
[Result "1-0"]
[WhiteElo "1538"]
[BlackElo "1423"]
[PlyCount "49"]
[EventDate "2019.01.09"]
[EventType "tourn"]
[EventRounds "13"]
[EventCountry "POL"]
[SourceTitle "EXT 2021"]
[Source "ChessBase"]
[SourceDate "2020.10.23"]
[SourceVersion "1"]
[SourceVersionDate "2020.10.23"]
[SourceQuality "1"]

1. Nf3 d5 2. d4 Nc6 3. Bf4 Bf5 4. e3 Nf6 5. Bd3 Bxd3 6. Qxd3 e6 7. 0-0 Nh5 8. Bg5 f6 9. Bh4 g5 10. Bg3 Nxg3 11. fxg3 f5 12. c4 dxc4 13. Qxc4 Qf6 14. Nc3 0-0-0 15. Rac1 Bd6 16. Nb5 f4 17. Nxd6+ Rxd6 18. gxf4 gxf4 19. Ne5 Rg8 20. Rxf4 Qg5 21. Rc2 Qg7 22. Rf7 Qg5 23. Qc3 h5 24. Rcf2 Nxe5 25. Qxc7# 1-0

[Event "Warsaw YMCA Winter-C 211st"]
[Site "Warsaw"]
[Date "2019.02.07"]
[Round "7"]
[White "Derylo, Maksymilian"]
[Black "Bartczak, Hanna"]
[Result "0-1"]
[WhiteElo "1423"]
[BlackElo "1456"]
[PlyCount "58"]
[EventDate "2019.01.09"]
[EventType "tourn"]
[EventRounds "13"]
[EventCountry "POL"]
[SourceTitle "EXT 2021"]
[Source "ChessBase"]
[SourceDate "2020.10.23"]
[SourceVersion "1"]
[SourceVersionDate "2020.10.23"]
[SourceQuality "1"]

1. d4 Nf6 2. c4 e5 3. dxe5 Ng4 4. Nf3 Nc6 5. Bf4 Bb4+ 6. Nc3 Bxc3+ 7. bxc3 Qe7 8. e6 dxe6 9. e3 e5 10. Bg3 0-0 11. Qb3 Re8 12. Be2 Nf6 13. 0-0 Ne4 14. Bh4 Qc5 15. Qb5 a6 16. Qb3 b6 17. Qc2 Nd6 18. Ng5 Bf5 19. Qb2 h6 20. Nf3 Nxc4 21. Bxc4 Qxc4 22. Qa3 a5 23. Rfd1 Bg4 24. Bg3 e4 25. Nd2 Qd3 26. Nf3 Qa6 27. Qa4 Na7 28. Rdc1 b5 29. Qd4 Nc6 0-1

[Event "Warsaw YMCA Winter-C 211st"]
[Site "Warsaw"]
[Date "2019.01.30"]
[Round "4"]
[White "Wiktorowski, Janusz"]
[Black "Derylo, Maksymilian"]
[Result "0-1"]
[WhiteElo "1436"]
[BlackElo "1423"]
[PlyCount "100"]
[EventDate "2019.01.09"]
[EventType "tourn"]
[EventRounds "13"]
[EventCountry "POL"]
[SourceTitle "EXT 2021"]
[Source "ChessBase"]
[SourceDate "2020.10.23"]
[SourceVersion "1"]
[SourceVersionDate "2020.10.23"]
[SourceQuality "1"]

1. e4 c6 2. d4 d5 3. e5 Bf5 4. Nf3 e6 5. Nc3 c5 6. Bb5+ Nc6 7. Bg5 Qb6 8. 0-0 Bg4 9. dxc5 Bxc5 10. Qe2 Bd4 11. Be3 Bxf3 12. Qxf3 Nge7 13. Qe2 0-0 14. Na4 Qc7 15. f4 Nf5 16. Bxd4 Ncxd4 17. Qd3 Qxc2 18. Qxc2 Nxc2 19. Rac1 Ncd4 20. Bd3 Rac8 21. Nc3 Rc6 22. Bxf5 Nxf5 23. Nb5 Rb6 24. Nxa7 Rxb2 25. a4 h6 26. Rf2 Rb4 27. Ra2 Ra8 28. Rc8+ Rxc8 29. Nxc8 Rxf4 30. a5 Rb4 31. Rc2 Kf8 32. Rc7 Ke8 33. Nd6+ Nxd6 34. exd6 e5 35. Re7+ Kd8 36. Rxe5 Kd7 37. Rxd5 b6 38. axb6 Rxb6 39. Kf2 Rxd6 40. Rxd6+ Kxd6 41. Kf3 Ke5 42. Kg4 g6 43. h4 Ke4 44. Kh3 f5 45. Kg3 Ke3 46. Kh3 Kf2 47. g3 g5 48. hxg5 hxg5 49. Kh2 f4 50. gxf4 gxf4 0-1

[Event "Warsaw YMCA Autumn-C 207th"]
[Site "Warsaw"]
[Date "2018.12.05"]
[Round "12"]
[White "Duda, Ryszard"]
[Black "Derylo, Maksymilian"]
[Result "0-1"]
[WhiteElo "1502"]
[BlackElo "1401"]
[PlyCount "120"]
[EventDate "2018.09.18"]
[EventType "tourn"]
[EventRounds "13"]
[EventCountry "POL"]
[SourceTitle "EXT 2021"]
[Source "ChessBase"]
[SourceDate "2020.10.23"]
[SourceVersion "1"]
[SourceVersionDate "2020.10.23"]
[SourceQuality "1"]

1. e4 c5 2. Nf3 d6 3. d4 cxd4 4. Nxd4 Nf6 5. Nc3 a6 6. Bg5 e6 7. f4 Be7 8. Qf3 Qb6 9. Nb3 Nc6 10. 0-0-0 Qc7 11. Kb1 0-0 12. a3 Rd8 13. g4 h6 14. Bh4 Nxe4 15. Bxe7 Nxc3+ 16. Qxc3 Qxe7 17. h4 e5 18. f5 h5 19. Be2 hxg4 20. Bxg4 Qf6 21. Rdf1 Ne7 22. Qh3 Nd5 23. h5 Bd7 24. Nd2 Nf4 25. Qg3 Bc6 26. Rh2 Qg5 27. Rg1 Rac8 28. Bf3 Qxg3 29. Rxg3 Bxf3 30. Nxf3 f6 31. h6 g6 32. fxg6 Rd7 33. Nh4 d5 34. Nf5 Ne6 35. Rhg2 Ng5 36. h7+ Kh8 37. Rh2 Ne6 38. Nh6 Ng5 39. Nf5 Ne6 40. Rgh3 Rdd8 41. Nh6 Ng5 42. Nf7+ Nxf7 43. gxf7 Rd7 44. Rf2 Rxf7 45. Rh5 Rcf8 46. Rhf5 Kxh7 47. Rh5+ Kg6 48. Rfh2 d4 49. R2h4 f5 50. Rh6+ Kg5 51. R6h5+ Kf6 52. Rh6+ Ke7 53. Rb6 Ke8 54. Rhh6 f4 55. Rhe6+ Re7 56. Rxe7+ Kxe7 57. Rxb7+ Kf6 58. Rb6+ Kf5 59. Rxa6 f3 60. Rh6 f2 0-1

[Event "Warsaw YMCA Autumn-C 207th"]
[Site "Warsaw"]
[Date "2018.11.23"]
[Round "10"]
[White "Kwiecinski, Rafal"]
[Black "Derylo, Maksymilian"]
[Result "0-1"]
[WhiteElo "1527"]
[BlackElo "1401"]
[PlyCount "102"]
[EventDate "2018.09.18"]
[EventType "tourn"]
[EventRounds "13"]
[EventCountry "POL"]
[SourceTitle "EXT 2021"]
[Source "ChessBase"]
[SourceDate "2020.10.23"]
[SourceVersion "1"]
[SourceVersionDate "2020.10.23"]
[SourceQuality "1"]

1. e4 c5 2. Bc4 d6 3. c3 Nf6 4. d3 Nc6 5. Bg5 e6 6. Qe2 Be7 7. f4 b6 8. Nd2 Bb7 9. Nh3 0-0 10. 0-0 d5 11. Bb3 d4 12. c4 e5 13. fxe5 Nxe5 14. Bxf6 Bxf6 15. Nf4 Qd7 16. Nd5 Bxd5 17. cxd5 Bg5 18. Nc4 Nxc4 19. Bxc4 b5 20. Bb3 a5 21. a4 Rab8 22. Qh5 Be3+ 23. Kh1 c4 24. dxc4 bxc4 25. Bxc4 Rxb2 26. d6 g6 27. Qe5 g5 28. Rae1 Bf4 29. Qxd4 Rd2 30. Qc3 Qg4 31. g3 Qh3 32. Qxd2 Bxd2 33. Rd1 Qg4 34. Bd5 Qe2 35. e5 Qd3 36. Bg2 Qc2 37. Bf3 Bb4 38. d7 Qc7 39. Rd5 Rd8 40. Rfd1 Qc6 41. e6 Qxe6 42. Rxg5+ Kf8 43. Rgd5 Ke7 44. R5d4 Kf8 45. Re4 Qf5 46. Kg2 Rxd7 47. Rf1 Rd2+ 48. Kh1 Qh3 49. Be2 Rxe2 50. Rxf7+ Kxf7 51. Rxe2 Qf1# 0-1

[Event "Warsaw YMCA Autumn-C 207th"]
[Site "Warsaw"]
[Date "2018.11.07"]
[Round "8"]
[White "Dabrowska, Aleksandra"]
[Black "Derylo, Maksymilian"]
[Result "1-0"]
[WhiteElo "1400"]
[BlackElo "1401"]
[PlyCount "95"]
[EventDate "2018.09.18"]
[EventType "tourn"]
[EventRounds "13"]
[EventCountry "POL"]
[SourceTitle "EXT 2021"]
[Source "ChessBase"]
[SourceDate "2020.10.23"]
[SourceVersion "1"]
[SourceVersionDate "2020.10.23"]
[SourceQuality "1"]

1. c4 Nf6 2. Nc3 g6 3. e4 d6 4. g3 Bg7 5. Bg2 0-0 6. Nge2 Nc6 7. 0-0 e5 8. h3 Be6 9. d3 Qd7 10. Kh2 Nh5 11. Bd2 f5 12. Qc1 Nb4 13. Qb1 f4 14. Ng1 Bh6 15. Nf3 g5 16. g4 Nf6 17. Rh1 Qe8 18. Nd5 Nbxd5 19. cxd5 Bd7 20. Bb4 Qg6 21. Nxe5 dxe5 22. Bxf8 Rxf8 23. Bf3 Bg7 24. Qd1 Bb5 25. Qb3 Ba6 26. Rhc1 Rf7 27. Rc3 Bf8 28. Qa4 Ne8 29. Qxe8 Qb6 30. Rc2 Bxd3 31. Rd2 Qd4 32. Kg2 Bf1+ 33. Rxf1 Qxd2 34. Qxe5 h6 35. Rd1 Qb4 36. Rc1 Bg7 37. Qe8+ Rf8 38. Qe6+ Kh8 39. Rxc7 Qxb2 40. d6 Qb6 41. Qe7 Rg8 42. Rxb7 Qa6 43. Rxa7 Qb6 44. a4 Qb2 45. a5 Rc8 46. Qd7 Rc2 47. Ra8+ Kh7 48. Qf5# 1-0

[Event "Warsaw YMCA Autumn-C 207th"]
[Site "Warsaw"]
[Date "2018.09.21"]
[Round "7"]
[White "Derylo, Maksymilian"]
[Black "Kuznik, Kamil"]
[Result "1-0"]
[WhiteElo "1401"]
[BlackElo "1553"]
[PlyCount "67"]
[EventDate "2018.09.18"]
[EventType "tourn"]
[EventRounds "13"]
[EventCountry "POL"]
[SourceTitle "EXT 2021"]
[Source "ChessBase"]
[SourceDate "2020.10.23"]
[SourceVersion "1"]
[SourceVersionDate "2020.10.23"]
[SourceQuality "1"]

1. d4 Nf6 2. c4 e6 3. Nc3 d5 4. Nf3 Bb4 5. Qc2 0-0 6. a3 Bxc3+ 7. Qxc3 Ne4 8. Qc2 Nd7 9. Bf4 c5 10. cxd5 exd5 11. dxc5 Ndxc5 12. e3 Bf5 13. Nd4 Bg6 14. Qd1 Re8 15. Be2 Qh4 16. 0-0 Rac8 17. Rc1 a6 18. b4 Ne6 19. Nxe6 fxe6 20. Bf3 Qf6 21. Bg4 Rc6 22. Rxc6 bxc6 23. Qa4 e5 24. Bg3 Nxg3 25. hxg3 Bd3 26. Rc1 Bb5 27. Qc2 Qg5 28. Bd7 Re7 29. Bxc6 Bc4 30. e4 Bd3 31. Bxd5+ Kf8 32. Qc8+ Re8 33. Qc7 Re7 34. Qd8+ 1-0

[Event "Warsaw YMCA Spring-D 201st"]
[Site "Warsaw"]
[Date "2018.04.05"]
[Round "1"]
[White "Jaroszuk, Marcin"]
[Black "Derylo, Maksymilian"]
[Result "1-0"]
[WhiteElo "1283"]
[BlackElo "1237"]
[PlyCount "27"]
[EventDate "2018.04.05"]
[EventType "tourn"]
[EventRounds "13"]
[EventCountry "POL"]
[SourceTitle "EXT 2021"]
[Source "ChessBase"]
[SourceDate "2020.10.23"]
[SourceVersion "1"]
[SourceVersionDate "2020.10.23"]
[SourceQuality "1"]

1. Nf3 d5 2. g3 Nc6 3. d4 Bf5 4. Bg2 Qd7 5. 0-0 0-0-0 6. b4 Nxb4 7. Ne5 Qe6 8. c4 dxc4 9. Qa4 Na6 10. Nc3 Nf6 11. Nb5 Kb8 12. Nc6+ bxc6 13. Qxa6 Ne8 14. Bxc6 1-0

[Event "Warsaw YMCA Autumn-D 193rd"]
[Site "Warsaw"]
[Date "2017.12.12"]
[Round "13"]
[White "Wyczesany, Dariusz"]
[Black "Derylo, Maksymilian"]
[Result "1-0"]
[WhiteElo "1323"]
[BlackElo "1085"]
[PlyCount "81"]
[EventDate "2017.09.19"]
[EventType "tourn"]
[EventRounds "13"]
[EventCountry "POL"]
[SourceTitle "EXT 2019"]
[Source "ChessBase"]
[SourceDate "2018.10.10"]
[SourceVersion "1"]
[SourceVersionDate "2018.10.10"]
[SourceQuality "1"]

1. e4 c5 2. Nc3 d6 3. f4 a6 4. d3 Nc6 5. Nf3 e6 6. Be3 Qc7 7. Qd2 b5 8. g3 Bb7 9. Bg2 Nf6 10. 0-0 Ng4 11. Bf2 Nxf2 12. Rxf2 Be7 13. Raf1 0-0 14. Nd1 f5 15. Ng5 Qd7 16. c3 Bxg5 17. fxg5 g6 18. Ne3 Ne5 19. Rf4 Nf7 20. h4 Ne5 21. b3 Rf7 22. d4 cxd4 23. cxd4 Nc6 24. Ng4 Kg7 25. Nf6 Rxf6 26. gxf6+ Kxf6 27. R4f2 Ne7 28. e5+ Kg7 29. Bxb7 Qxb7 30. exd6 Nd5 31. Qe2 Qd7 32. Qe5+ Kf7 33. Rc2 Rd8 34. Rfc1 Qxd6 35. Qxd6 Rxd6 36. Rc6 Rxc6 37. Rxc6 Nb4 38. Rc7+ Kg8 39. a4 bxa4 40. bxa4 h5 41. Re7 1-0

[Event "Warsaw YMCA Autumn-D 193rd"]
[Site "Warsaw"]
[Date "2017.11.21"]
[Round "10"]
[White "Derylo, Maksymilian"]
[Black "Sloniewski, Jakub"]
[Result "1/2-1/2"]
[WhiteElo "1085"]
[BlackElo "1148"]
[PlyCount "146"]
[EventDate "2017.09.19"]
[EventType "tourn"]
[EventRounds "13"]
[EventCountry "POL"]
[SourceTitle "EXT 2019"]
[Source "ChessBase"]
[SourceDate "2018.10.10"]
[SourceVersion "1"]
[SourceVersionDate "2018.10.10"]
[SourceQuality "1"]

1. d4 f5 2. c4 Nf6 3. Nc3 g6 4. b3 Bg7 5. Bb2 b6 6. Nf3 Bb7 7. e3 d6 8. Ng5 Qd7 9. d5 Na6 10. Ne6 Bh6 11. Nb5 Rd8 12. Nxd8 Kxd8 13. Nxa7 Nc5 14. Bxf6 exf6 15. Nb5 Kc8 16. Na7+ Kb8 17. Nb5 Rd8 18. Nd4 Re8 19. Be2 f4 20. exf4 Bxf4 21. 0-0 h5 22. b4 Ne4 23. Bd3 f5 24. Bxe4 Rxe4 25. Re1 Rxe1+ 26. Qxe1 Be5 27. Rd1 Qa4 28. Nf3 Ba6 29. Nxe5 dxe5 30. b5 Bb7 31. Ra1 Qxc4 32. Qxe5 Qxb5 33. h3 Bxd5 34. Rd1 Bc6 35. Qxb5 Bxb5 36. Rd8+ Kb7 37. Rg8 Bc4 38. Rxg6 Bxa2 39. Rg5 c5 40. Rxf5 c4 41. Kf1 Ka6 42. Ke1 b5 43. Kd2 Ka5 44. Rf8 Ka4 45. Ra8+ Kb3 46. Kc1 c3 47. Rc8 b4 48. f4 Ka3 49. f5 Bd5 50. Rc7 b3 51. Ra7+ Kb4 52. Re7 Ka3 53. Ra7+ Kb4 54. Re7 b2+ 55. Kc2 Ba2 56. Rb7+ Kc5 57. f6 b1Q+ 58. Rxb1 Bxb1+ 59. Kxb1 Kd6 60. Kc2 Ke6 61. Kxc3 Kxf6 62. Kd3 Kf5 63. Ke3 Kg5 64. Ke2 Kf4 65. Kf2 h4 66. Kf1 Ke3 67. Ke1 Kd3 68. Kf2 Ke4 69. g3 hxg3+ 70. Kxg3 Kf5 71. Kh4 Kg6 72. Kg4 Kh6 73. Kf4 Kh5 1/2-1/2

[Event "Warsaw YMCA Autumn-D 193rd"]
[Site "Warsaw"]
[Date "2017.10.03"]
[Round "3"]
[White "Derylo, Maksymilian"]
[Black "Kwiecinski, Rafal"]
[Result "1/2-1/2"]
[WhiteElo "1085"]
[BlackElo "1162"]
[PlyCount "121"]
[EventDate "2017.09.19"]
[EventType "tourn"]
[EventRounds "13"]
[EventCountry "POL"]
[SourceTitle "EXT 2019"]
[Source "ChessBase"]
[SourceDate "2018.10.10"]
[SourceVersion "1"]
[SourceVersionDate "2018.10.10"]
[SourceQuality "1"]

1. d4 d5 2. c4 Nc6 3. Nc3 e6 4. Nf3 Bb4 5. Bf4 Nf6 6. e3 Ne4 7. Qc2 g5 8. Be5 f6 9. Bg3 a6 10. cxd5 exd5 11. h3 Bf5 12. Bd3 Qd7 13. Nd2 Bxc3 14. bxc3 Nxg3 15. fxg3 Ne7 16. 0-0 Bxd3 17. Qxd3 Qe6 18. e4 0-0 19. Rae1 Qd7 20. Rf2 Rf7 21. Ref1 Qc6 22. Qe2 Qxc3 23. Rxf6 Qxd4+ 24. Qf2 Qxf2+ 25. R1xf2 Raf8 26. Rxf7 Rxf7 27. exd5 Rxf2 28. Kxf2 Nxd5 29. Ne4 h6 30. Nc5 Nc3 31. Nxb7 Nxa2 32. Ke3 Kf7 33. Kd4 Ke7 34. Ke5 Nc3 35. h4 gxh4 36. gxh4 Ne2 37. g4 Ng1 38. Kd5 Nf3 39. h5 Nh2 40. Kc6 Nxg4 41. Kxc7 Kf6 42. Kb6 Kg5 43. Kxa6 Kxh5 44. Nd6 Kg6 45. Kb5 h5 46. Kc4 h4 47. Kd3 Kg5 48. Ke4 Nf2+ 49. Kf3 Ng4 50. Kg2 Ne5 51. Kh3 Nf3 52. Nc4 Ng1+ 53. Kg2 Ne2 54. Ne3 Nf4+ 55. Kf3 Nh5 56. Ng4 h3 57. Nh2 Kh4 58. Ng4 Ng3 59. Nf2 h2 60. Kg2 Nf1 61. Nh1 1/2-1/2

[Event "Warsaw YMCA Spring-D 185th"]
[Site "Warsaw"]
[Date "2017.05.26"]
[Round "7"]
[White "Derylo, Maksymilian"]
[Black "Szopa, Andrzej"]
[Result "1-0"]
[WhiteElo "1071"]
[BlackElo "1145"]
[PlyCount "53"]
[EventDate "2017.04.06"]
[EventType "tourn"]
[EventRounds "13"]
[EventCountry "POL"]
[SourceTitle "EXT 2019"]
[Source "ChessBase"]
[SourceDate "2018.10.10"]
[SourceVersion "1"]
[SourceVersionDate "2018.10.10"]
[SourceQuality "1"]

1. e4 e5 2. Nf3 Nc6 3. Bc4 h6 4. 0-0 Nf6 5. Nc3 Bc5 6. d3 d6 7. Na4 Bb6 8. Nxb6 axb6 9. Be3 0-0 10. h3 Na5 11. Nd2 Bd7 12. Bb3 b5 13. Qf3 Nh7 14. Qg3 Kh8 15. d4 Nxb3 16. Nxb3 Qe7 17. dxe5 dxe5 18. Bc5 Qe6 19. Bxf8 Rxf8 20. Nc5 Qc6 21. Nxd7 Qxd7 22. Qxe5 Qc6 23. Qd5 Qb6 24. Rad1 Nf6 25. Qf5 Re8 26. e5 g6 27. Qxf6+ 1-0

[Event "Warsaw YMCA Spring-D 185th"]
[Site "Warsaw"]
[Date "2017.05.12"]
[Round "6"]
[White "Papis, Mateusz"]
[Black "Derylo, Maksymilian"]
[Result "1-0"]
[WhiteElo "1207"]
[BlackElo "1071"]
[PlyCount "61"]
[EventDate "2017.04.06"]
[EventType "tourn"]
[EventRounds "13"]
[EventCountry "POL"]
[SourceTitle "EXT 2019"]
[Source "ChessBase"]
[SourceDate "2018.10.10"]
[SourceVersion "1"]
[SourceVersionDate "2018.10.10"]
[SourceQuality "1"]

1. e4 c5 2. Nf3 d6 3. Bc4 Nf6 4. c3 e6 5. d3 Be7 6. 0-0 0-0 7. Bf4 d5 8. exd5 exd5 9. Bb3 Nc6 10. Re1 b5 11. d4 c4 12. Bc2 Bg4 13. Nbd2 a5 14. h3 Bxf3 15. Qxf3 b4 16. Nf1 a4 17. a3 bxc3 18. bxc3 Qd7 19. Ne3 Rfe8 20. Bf5 Qd8 21. Nxc4 Nxd4 22. cxd4 dxc4 23. Be5 Bd6 24. Rac1 Bxe5 25. dxe5 Nd7 26. e6 fxe6 27. Bxe6+ Kh8 28. Bxc4 Ne5 29. Qc3 Nxc4 30. Qxc4 Qd6 31. Rxe8+ 1-0

[Event "Warsaw YMCA Spring-D 185th"]
[Site "Warsaw"]
[Date "2017.04.14"]
[Round "1"]
[White "Derylo, Adam"]
[Black "Derylo, Maksymilian"]
[Result "1-0"]
[WhiteElo "1196"]
[BlackElo "1071"]
[PlyCount "51"]
[EventDate "2017.04.06"]
[EventType "tourn"]
[EventRounds "13"]
[EventCountry "POL"]
[SourceTitle "EXT 2019"]
[Source "ChessBase"]
[SourceDate "2018.10.10"]
[SourceVersion "1"]
[SourceVersionDate "2018.10.10"]
[SourceQuality "1"]

1. d4 d5 2. Nf3 Nf6 3. c4 e6 4. Nc3 dxc4 5. e3 a6 6. Bxc4 b5 7. Be2 Bb7 8. a3 Bd6 9. Qc2 Nbd7 10. 0-0 c5 11. Bd2 Rc8 12. Rac1 Qc7 13. Nb1 Bxf3 14. Bxf3 Bxh2+ 15. Kh1 cxd4 16. Qd3 Nc5 17. Qxd4 Be5 18. Qb4 Qb6 19. Rc2 0-0 20. Qh4 Nd3 21. Bc3 Nxb2 22. Bxe5 Rxc2 23. Bxf6 gxf6 24. Be4 f5 25. Bxc2 Qc6 26. Qg5+ 1-0

[Event "Warsaw YMCA Winter-D 182nd"]
[Site "Warsaw"]
[Date "2017.02.14"]
[Round "5"]
[White "Derylo, Maksymilian"]
[Black "Derylo, Kamil"]
[Result "0-1"]
[WhiteElo "1071"]
[BlackElo "1268"]
[PlyCount "62"]
[EventDate "2017.01.10"]
[EventType "tourn"]
[EventRounds "13"]
[EventCountry "POL"]
[SourceTitle "EXT 2019"]
[Source "ChessBase"]
[SourceDate "2018.10.10"]
[SourceVersion "1"]
[SourceVersionDate "2018.10.10"]
[SourceQuality "1"]

1. d4 Nf6 2. c4 e6 3. Nc3 Bb4 4. Qc2 Bxc3+ 5. Qxc3 0-0 6. Bg5 d6 7. Nf3 Nbd7 8. e3 b6 9. Bd3 Bb7 10. 0-0 Bxf3 11. gxf3 h6 12. Bh4 Rc8 13. e4 c5 14. d5 exd5 15. cxd5 Nxe4 16. Qxg7+ Kxg7 17. Bxd8 Nd2 18. Be7 Nxf1 19. Bxf8+ Rxf8 20. Rxf1 Ne5 21. Be4 f5 22. f4 Ng6 23. Bc2 Nxf4 24. Re1 Nxd5 25. Re6 Rf6 26. Re8 Kg6 27. Ra8 a5 28. Bb3 Nf4 29. Rb8 d5 30. f3 Kg5 31. Kf2 c4 0-1

[Event "Warsaw YMCA Winter-D 182nd"]
[Site "Warsaw"]
[Date "2017.01.17"]
[Round "2"]
[White "Papis, Mateusz"]
[Black "Derylo, Maksymilian"]
[Result "1-0"]
[WhiteElo "1214"]
[BlackElo "1071"]
[PlyCount "89"]
[EventDate "2017.01.10"]
[EventType "tourn"]
[EventRounds "13"]
[EventCountry "POL"]
[SourceTitle "EXT 2019"]
[Source "ChessBase"]
[SourceDate "2018.10.10"]
[SourceVersion "1"]
[SourceVersionDate "2018.10.10"]
[SourceQuality "1"]

1. e4 c5 2. Nf3 d6 3. c3 Nf6 4. Bc4 a6 5. d3 b5 6. Bb3 Nc6 7. 0-0 Bg4 8. Bg5 e6 9. Nbd2 Be7 10. h3 Bh5 11. Re1 0-0 12. g4 Bg6 13. Nh4 Qc7 14. Nxg6 fxg6 15. Bxe6+ Kh8 16. Qe2 h6 17. Bh4 b4 18. Nf3 bxc3 19. bxc3 Rab8 20. Bg3 Qa5 21. Nh4 Kh7 22. Bd5 Nd8 23. Bc4 Qxc3 24. Bxa6 Rb2 25. Qe3 Nc6 26. Bc4 Nd4 27. Rac1 Qb4 28. Bb3 Nxb3 29. axb3 g5 30. Nf5 Re8 31. Nxd6 Rd8 32. Nc4 Rxb3 33. Ne5 Qb5 34. Rc4 g6 35. Ra1 Rb1+ 36. Rxb1 Qxb1+ 37. Kg2 Kg7 38. Ra4 h5 39. Ra7 Ng8 40. Qxc5 Kf6 41. Nd7+ Rxd7 42. Qe5+ Kf7 43. Rxd7 Ke8 44. Qe6 Qb5 45. Rd5 1-0